• 首页
  • 本馆介绍
  • 公告通知
  • 最新文献
  • 馆藏检索
  • 电子资源
  • 读者导购
  • 参考咨询
  • 我的图书馆
  • 登录
  • 详细信息显示
  • 放入我的书架
  • 预约/预借图书
  • 作者相关作品
  • 分类相关作品
  • 丛书相关作品
  • 出版社相关作品

书目信息

  • 表格格式
  • 工作单格式
  • 卡片格式
题名:
舞蹈编创的诗情画意
    
 
作者: 于平 著
分册:  
出版信息: 北京   中国人民大学出版社  2015
页数: 223页
开本: 21cm
丛书名:
单 册:
中图分类: J711.2
科图分类:
主题词: 舞蹈编导--Wu Dao Bian Dao
电子资源:
ISBN: 978-7-300-21265-4
000 00861nam0 22002531 450
001 0101082547
005 20161202101632.81
010    @a978-7-300-21265-4@dCNY38.00
100    @a20151031d2015 em y0chiy50 ea
101 0  @achi
102    @aCN@b110000
105    @aa z 000yy
106    @ar
200 1  @a舞蹈编创的诗情画意@AWu Dao Bian Chuang De Shi Qing Hua Yi@dThe art of dance choreography@f于平著@zeng
210    @a北京@c中国人民大学出版社@d2015
215    @a223页@c图@d21cm
300    @a艺术坊
330    @a本书分上、中、下三篇,共11章。分别为“从动觉经验到动态意象”、“从风格展览到动作设计”、“从舞蹈诗到舞蹈戏剧”。
510 1  @aAit of dance choreography@zeng
606 0  @a舞蹈编导@AWu Dao Bian Dao
690    @aJ711.2@v5
701  0 @a于平@AYu Ping@f(1954.11~)@4著
801  0 @aCN@bTANGWEI@c20161128
905    @b0952501-5@dJ711.2@e143@f5
    
    舞蹈编创的诗情画意=The art of dance choreography/于平著.-北京:中国人民大学出版社,2015
    223页:图;21cm
    艺术坊
    
    ISBN 978-7-300-21265-4:CNY38.00
    本书分上、中、下三篇,共11章。分别为“从动觉经验到动态意象”、“从风格展览到动作设计”、“从舞蹈诗到舞蹈戏剧”。
●
相关链接 在E读中查询图书 在五车中查询图书 在当当中查询图书 在豆瓣中查询图书


正题名:舞蹈编创的诗情画意     索取号:J711.2/143         预约/预借

序号 登录号 条形码 馆藏地/架位号 状态 备注
1 0952501   209525012   第一样本阅览室/ [索取号:J711.2/143] 在馆    
2 0952502   209525021   第一借阅区/ [索取号:J711.2/143] 在馆    
3 0952503   209525030   第一借阅区/ [索取号:J711.2/143] 在馆    
4 0952504   209525049   第一借阅区/ [索取号:J711.2/143] 在馆    
5 0952505   209525058   第一借阅区/ [索取号:J711.2/143] 在馆    
唐山师范学院图书馆 欢迎您!
大连网信软件有限公司© 版权所有